| 000 | 00704nam a2200229 a 4500 | ||
|---|---|---|---|
| 001 | 52922 | ||
| 003 | BD-RjUL | ||
| 005 | 20211209075900.0 | ||
| 008 | 160929m20031993xxu||||| |||| 001 0 eng d | ||
| 035 | _a(BD-RjUL)53042 | ||
| 040 |
_aBD-RjUL _beng _cBD-RjUL _dBD-RjUL |
||
| 041 | _aeng | ||
| 082 |
_223 _a630.715 _bSAT 2003 |
||
| 100 |
_aSandu, A S _9158214 |
||
| 245 | 1 | 0 |
_aTextbook on agricultural communication : _bprocess and methods / _cA S Sandu |
| 260 |
_aNew Delhi : _bOxford and IBH, _cc1993 [reprinted 2003] |
||
| 300 |
_axiv, 213 p. ; _c24 cm. |
||
| 500 | _aInclude index | ||
| 650 |
_aExtension activities. _9158215 |
||
| 650 |
_a Information retrieval system. _9125387 |
||
| 942 |
_2ddc _cBK |
||
| 999 |
_c52922 _d52922 |
||